Business statistics/ (Record no. 39813)

MARC details
000 -LEADER
fixed length control field 00724nam a22002177a 4500
005 - DATE AND TIME OF LATEST TRANSACTION
control field 20100806144139.0
010 ## - LCCN (DPL NO)
LC control number ENG-98690
020 ## - INTERNATIONAL STANDARD BOOK NUMBER
International Standard Book Number 9789350011829
Terms of availability 135.00
035 ## - SYSTEM CONTROL NUMBER
System control number EN-82222
037 ## - SOURCE OF ACQUISITION
Source of stock number/acquisition DBAD/PUB
082 ## - DEWEY DECIMAL CLASSIFICATION NUMBER
Classification number 519.5
100 ## - MAIN ENTRY--PERSONAL NAME
Personal name Muthusamy, D.
245 ## - TITLE STATEMENT
Title Business statistics/
Statement of responsibility, etc by D.Muthusamy
260 ## - PUBLICATION, DISTRIBUTION, ETC. (IMPRINT)
Place of publication, distribution, etc Peramabulur
Name of publisher, distributor, etc Mercury Printers and Publishers
Date of publication, distribution, etc 2009
270 ## - ADDRESS
City Peramabulur
Postal code 621212
300 1# - PHYSICAL DESCRIPTION
Extent 197p.
Dimensions 20cm (pbk)
650 ## - SUBJECT ADDED ENTRY--TOPICAL TERM
Topical term or geographic name as entry element Statistics
650 ## - SUBJECT ADDED ENTRY--TOPICAL TERM
Topical term or geographic name as entry element Commercial statistics
942 ## - ADDED ENTRY ELEMENTS (KOHA)
Source of classification or shelving scheme Dewey Decimal Classification
Item type English Books
Classification part 519.5
Call number suffix MUT
Holdings
Withdrawn status Lost status Not for loan Collection code Home library Current library Date acquired Source of acquisition Cost, normal purchase price Full call number Barcode Copy number Cost, replacement price Koha item type
    Not For Loan Non-fiction D.B.Act.Division D.B.Act.Division 06/08/2010 DBAD/PUB 135.00 519.5 MUT EN-82222 1 135.00 English Books

© Delhi Public Library
Hit Counter
free hit counter